Efficiency management

Bibliographic Details
Main Author: Maitin,Tarkeshwar PD
Format: Book
Language:English
Published: New Delhi, India : New Central Book Agency (P) Ltd. , 2009
Subjects:

MARC

LEADER 00000cam a2200000 7i4500
001 0000024351
005 20120508.0
008 120503s ii # eng
020 |a 8173815992 ,   |c RM349.00 
040 |a INS 
090 0 0 |a HC79,I52   |b M35 2009 
100 1 |a Maitin,Tarkeshwar PD. 
245 1 0 |a Efficiency management   |c Tarkeshwar PD.Maitin 
260 |a New Delhi, India :   |b New Central Book Agency (P) Ltd. ,   |c 2009 
300 |a xv, 277p. ;   |c 24cm. 
500 |a Includes index 
650 0 |a Industrial productivity 
650 0 |a Management 
999 |a 1000000830   |b BOOK   |c Open Shelf   |e Default branch